01082nam a22002537a 4500003000400000005001700004008004100021020001800062040001400080100003400094245021100128260004600339300001100385490002300396650008000419650004000499700003200539700002800571710003700599710005400636942001300690999001500703952011000718OSt20151016133001.0130603s2007 sp ||||| |||| 00| 0 cat d a9788439375999 cCDMRbcat1 93637aScolari, Carlos Alberto13aEl canvi digital als mitjans de proximitatb: les transformacions generades per la introducció de les tecnologies digitals [...]cequip investigador, Carlos Scolari, José Manuel Jarque, Cristina Perales aBarcelonabGeneralitat de Catalunyac2007 a109 p. aLexikon. Papersv30492803aMitjans de comunicació de massa localsxInnovacions tecnològiques0493364aTecnologia de la informació1 93638aJarque, José Manuel1 93639aPerales, Cristina1 91064aCatalunyab -- Generalitat2 93633aAssociació Catalana de la Premsa Comarcal 2udccMON c6389d6389 00104070aCDMRbCDMRd2013-01-16l1m1oDu 8/23pCDMR13066600Ar2017-09-13s2017-07-05w2013-06-03yMON